000 00386nam a2200169Ia 4500
008 240830s2008 xx 000 0 und d
041 _aeng
082 _a612-VIC
100 _aVICTOR P E
245 _aATLAS OF HISTOLOGY
250 _a11
260 _aNEW DELHI
_bN.D.
_c2008
300 _a532p
650 _aSHARIR-KRIYA
906 _aATLAS OF HISTOLOGY
999 _c1187556
_d1187556